A First Course in College compsition (Record no. 542925)

000 -LEADER
fixed length control field 00387nam a22001337a 4500
082 ## - DEWEY DECIMAL CLASSIFICATION NUMBER
Classification number 372.623
Author Mark MCC
-- L-29, P-104
100 ## - MAIN ENTRY--PERSONAL NAME
Personal name Mc Crimmon , James M
9 (RLIN) 38287
245 ## - TITLE STATEMENT
Title A First Course in College compsition
250 ## - EDITION STATEMENT
Edition statement 2nd ed
260 ## - PUBLICATION, DISTRIBUTION, ETC.
Place of publication, distribution, etc. Cambrioge
Name of publisher, distributor, etc. The Riversioe Press
Date of publication, distribution, etc. 1957
300 ## - PHYSICAL DESCRIPTION
Extent xiv, 606 p:
Other physical details ill :
Dimensions 30 Cm
526 ## - STUDY PROGRAM INFORMATION NOTE
Program name 0
Interest level 0
Reading level 0
Title point value 372_623000000000000_MCC
942 ## - ADDED ENTRY ELEMENTS (KOHA)
Source of classification or shelving scheme
Koha item type Book
Holdings
Withdrawn status Lost status Source of classification or shelving scheme Damaged status Not for loan Permanent Location Current Location Date acquired Total Checkouts Full call number Barcode Date last seen Price effective from Koha item type
          Military College of Engineering (MCE) Military College of Engineering (MCE) 02/25/2014   372.623 MCC MCE-2518 02/25/2014 02/25/2014 Book
© 2023 Central Library, National University of Sciences and Technology. All Rights Reserved.